000
00313nam a2200121Ia 4500
008
190216s9999||||xx |||||||||||||| ||und||
100
_a
Bartle Robert G And Sherbert Donald
245
0
_a
Introduction To Real Analysis
260
_b
John Wiley & Sons
_c
2000
300
_a
388
650
_a
Mathematics
942
_c
BK
999
_c
31785
_d
31785